000 00419 a2200133 4500
001 ART_15478
005 20260410161615.0
008 260409a
245 1 0 _aLos CEO con mejor rendimiento en Latinoamerica
100 1 _aIbarra, Herminia
700 1 _aHansen, Morten T.
700 1 _aPeyer, Urs
773 0 _tHarvard Business Review
_gEl valor de la felicidad - Vol. 90, NÂș 3 (mar. 2012)
_wREV340
999 _c11037
_d11037